Logo CIB grande

MANAGEMENT INFORMATION SYSTEMS: MANAGING THE DIGITAL FIRM (Registro nro. 222789)

Detalles MARC
000 -LEADER
campo de control de longitud fija 00585nam a2200217Ia 4500
005 - FECHA Y HORA DE LA ÚLTIMA TRANSACCIÓN
campo de control 20250425162125.0
008 - DATOS DE LONGITUD FIJA--INFORMACIÓN GENERAL
campo de control de longitud fija 250425s9999 xx 000 0 und d
020 ## - NÚMERO INTERNACIONAL ESTÁNDAR DEL LIBRO
Número Internacional Estándar del Libro 0130330663
041 ## - CÓDIGO DE IDIOMA
Código de lengua del texto/banda sonora o título independiente eng
082 ## - NÚMERO DE LA CLASIFICACIÓN DECIMAL DEWEY
Número de clasificación 658.4038
010 ## - NÚMERO DE CONTROL DE LA BIBLIOTECA DEL CONGRESO
Número de control de LC 51307
100 ## - ENTRADA PRINCIPAL--NOMBRE DE PERSONA
Nombre de persona LAUDON, KENNETH C.
245 #0 - MENCIÓN DEL TÍTULO
Título MANAGEMENT INFORMATION SYSTEMS: MANAGING THE DIGITAL FIRM
250 ## - MENCION DE EDICION
Mención de edición 7TH ED.
260 ## - PUBLICACIÓN, DISTRIBUCIÓN, ETC.
Lugar de publicación, distribución, etc. Estados Unidos
Nombre del editor, distribuidor, etc. PRENTICE HALL
Fecha de publicación, distribución, etc. 2002
260 ## - PUBLICACIÓN, DISTRIBUCIÓN, ETC.
Lugar de publicación, distribución, etc. NEW YORK
300 ## - DESCRIPCIÓN FÍSICA
Extensión 545
650 ## - PUNTO DE ACCESO ADICIONAL DE MATERIA--TÉRMINO DE MATERIA
Término de materia o nombre geográfico como elemento de entrada ADMINISTRACION DE SISTEMAS DE INFORMACION
650 ## - PUNTO DE ACCESO ADICIONAL DE MATERIA--TÉRMINO DE MATERIA
Término de materia o nombre geográfico como elemento de entrada TECNOLOGIA DE LA INFORMACION
942 ## - ELEMENTOS DE ENTRADA SECUNDARIOS (KOHA)
Tipo de ítem Koha Libros
Existencias
Estatus retirado Estado de pérdida Estado de daño No para préstamo Biblioteca de origen Biblioteca actual Ubicación en estantería Fecha de adquisición Coste, precio normal de compra Total de préstamos Código de barras Copia número Nota pública Tipo de ítem Koha
        CENTRO DE INFORMACIÓN BIBLIOTECARIA CENTRO DE INFORMACIÓN BIBLIOTECARIA   01/05/2012 38.00   D-93219 1   Libros
        ESCUELA DE NEGOCIOS ESCUELA DE NEGOCIOS   18/11/2003 10.00   D-P 07118 2 DONADO  
        ESCUELA DE NEGOCIOS ESCUELA DE NEGOCIOS   21/09/2004 10.00   D-P 07274 3 DONADO  
        ESCUELA DE NEGOCIOS ESCUELA DE NEGOCIOS   30/11/2011 10.00   D-P 10888 4 DONADO  

Copyright 2025 ESPOL. Todos los derechos reservados.